Connais tu bien Arnaud Modabi Enana - Statistiques

Statistiques générales
  • Ce quiz a été pris 11 fois
  • Le résultat moyen est 5 sur 9
Statistiques - réponses
Hint Réponse % Correct
sa couleur de peau Noir
100%
son dessin animé préféré Adventure time
60%
son artiste musical préféré mf doom (ect ...)
60%
si oui/non il a une romancehomosexuel avec Alexis Gomez oui
60%
son animal préféré tortuehippopotame
60%
sa couleur préféré vert
60%
la nourriture qu'il déteste banane
40%
son anime préféré Samurai champloo
40%
son plat préféré Chikwangue
20%
Aucun quiz correspondant
Distribution des résultats
% des personnes avec chaque résultat
Percentile par nombre de réponses
Votre historique - résultats
Vous n’avez pas pris ce quiz